00329nam a2200121Ia 4500008004100000041000800041082001500049100002200064245004500086260003300131300003200164365001100196240624s9999 xx 000 0 und d aeng a332.02 KIY aKIYOSAKI ROBERT T aSUCCESS STORIES REAL LIFE SUCCESS STORIE c2003aNew YorkbWarner Books axiii, : 228 : p. : cm. ; 22 cRSb15